Quizzes
Events
Quiz Creation
Community
Videos
Private Events
Remove Ads
Sign In
Join for FREE
Feedback
Dark Mode
Quiz Categories
Sports
Geography
Music
Movies
Television
Just For Fun
Miscellaneous
History
Literature
Language
Science
Gaming
Entertainment
Religion
Holiday
For Kids
Quiz Lab
Recent
Popular Today
Quiz Kudos Today
Editor Picks
Curator Picks
Quizzes by...
Day
Popularity
Type
Ratings
Length
Year
Community
Subscriptions
Recent Discussions
Orange Saloon
Badges
Playlists
Quests
Create
Leaderboards
Showdown
Live 5
Trivia Bingo
Activity
Puzzle Library
Sporcle Events
Private Events
Virtual Trivia
Globe League
Become a Host
Pub Owners
SporcleCon
Opinionation
Our Games
Videos
Blog
Mobile Apps
Partnerships
Remove Ads and Go Orange
Feedback
Sports
Athletes
MLB
NBA
NHL
NFL
Soccer
Sports Teams
WWE
NCAA
Football
Premier League
Basketball
Baseball
Hockey
Golf
Tennis
Cricket
Rugby
Auto Racing
Olympics
World Cup
Sports
Athletes
MLB
NBA
NHL
NFL
Soccer
Sports Teams
WWE
NCAA
Football
Premier League
Basketball
Baseball
Hockey
Golf
Tennis
Cricket
Rugby
Auto Racing
Olympics
World Cup
Random Quiz
Search Sporcle
×
Quiz Lab
Quiz Lab
Sports
Baseball
Type in answers that appear in a list
Type in answers that appear in a list
Classic
Best Score? Go Orange.
MLB - Traded for Hall of Famers Stats
Can you name the Hall of Famer, given the trade details given below??
By
deej
10m
20 Questions
332 Plays
332 Plays
332 Plays
Comments
Comments
Give Quiz Kudos
Give Quiz Kudos
-
- Ratings
hide this ad
More Info
Forced Order
Answers have to be entered in order
Answers have to be entered in order
Replay
Link that replays current quiz
Next Quiz
Link to next quiz in quiz playlist
You Got
0%
They Got
Avg Score
73%
Avg Friend Score
Upgrade to see
Score Distribution
Jump to the score distribution portion of the page
Score
0/20
Timer
10:00
0
Plays Today
Date
Answer
% Correct
6/
21/
1989
Rickey Henderson
89.5%
12/
10/
1971
Nolan Ryan
88.9%
12/
10/
1984
Gary Carter
88%
12/
10/
1981
Ozzie Smith
87.3%
6/
15/
1977
Tom Seaver
85.8%
2/
3/
1979
Rod Carew
84.6%
12/
9/
1965
Frank Robinson
84.6%
11/
29/
1971
Joe Morgan
83.4%
6/
15/
1964
Lou Brock
80.4%
12/
4/
1988
Eddie Murray
79.8%
Date
Answer
% Correct
10/
25/
1973
Ferguson Jenkins
77.7%
12/
10/
1935
Jimmie Foxx
75.9%
12/
8/
1899
Honus Wagner
65.7%
8/
16/
1984
OK, OK, I know he's not a Hall of Famer...
64.8%
12/
20/
1926
Rogers Hornsby
61.7%
4/
12/
1916
Tris Speaker
61.4%
6/
4/
1953
Ralph Kiner
56.9%
2/
16/
1909
Cy Young
55.7%
12/
11/
1941
Johnny Mize
54.8%
12/
10/
1976
Goose Gossage
47%
Quiz Playlist
Details
Report
Send in Message
Add To Playlist
More Info:
Should be fairly straight forward - just fill in the blank with a Hall of Famer
Classic:
Type in answers that appear in a list
Forced Order:
Answers have to be entered in order
Quiz Source
Last Updated: Feb 16, 2017
Quiz Scoreboard
CHALLENGE
Sign Up to Join the Scoreboard
Show All
Scores
Hide
Comments
May contain spoilers
Recently Published
An Introduction to Baseball
by treessimontrees
Sports
5m
Movies - When Are They Set?
by FPL_Elf
Movies
5m
Popular People in 1961
by mucciniale
History
6m
More to Explore
Quiz From the Vault
Featured Blog Post
Where Did the Easter Bunny Come From?
hide this ad
You Might Also Like...
Tags
Baseball Quiz
MLB Quiz
date
detail
Famer
hall
trade
Traded
Today's Top Quizzes in Sports
Browse Sports
hide this ad
Today's Top Quizzes in Baseball
Browse Baseball
Top Contributed Quizzes in Sports
1
Les meilleurs buteurs des matchs entre le PSG et l’OM
2
2022 World Cup Stars
3
FIFA Club World Cup Champions
4
Les entraîneurs de l'OM et du PSG au 21e siècle
5
Name the Premier League winners with different clubs
6
La finale Lions - Afrique du Sud 2021
7
Les joueurs passés par le LOSC et le RC Lens
8
Criteria MLB: Left Handed Sluggers
9
Players with Multiple 50 Home Run Seasons
10
5-to-1: UK Sports Teams
Explore More
Trending Topics
Anime
Crossword
Kpop
Harry Potter
Disney
NBA
Marvel
Country
Puzzle
NFL
Soccer
WWE
Song
The Office
Pokémon
hide this ad
More By:
deej
Quiz
Plays
Rating
Category
Featured
Created
MLB 40-HRs by 4-Letter Players
176,932
4.01
Sports
Oct 1, 2009
MLB 300 HR with 1 Team
143,171
4.63
Sports
Jun 21, 2010
MLB Pitching Rotations (2000s)
132,822
4.52
Sports
Mar 16, 2010
MLB Batting Title Blitz - 2010s
76,613
4.40
Sports
Oct 23, 2012
MLB 30 HR Seasons (1990s)
74,874
4.64
Sports
Jun 2, 2013
Go to Creator's Profile
Score Distribution
Quiz Creator Spotlight
deej
Follow
Send a Message
Quizzes Created
-
Created Quiz Play Count
-
More By This Creator
Popular Quizzes Today
1
Find the Countries of Europe - No Outlines Minefield
2
Find the US States - No Outlines Minefield
3
The Countries of the World
4
Popular People in 1961
5
US States
6
Find the US States
7
1-10 Letter E Words III
8
Risky Map Clicking: Biggest States A-Z
More Sports Quizzes
Snooker Ranking Event Winners in the 1990s
Quiz Lab
Trending Quizzes
Risky Map Clicking: Least Populous States A-Z
1-10 Letter F Words
1-10 Letter G Words
One Thing in Common: United Kingdom
Not Quite an Element Typing Challenge
Recently Updated
Leaping Animals
pecheneg
Reality TV Shows (A-Z)
bhenderson79
Rickey Henderson's Hall of Fame Teammates
pecheneg
Champions League XIs: Arsenal
pecheneg
Quick Pick: Celebrities in WWE's Hall of Fame
aduchscher
A-Z Keypad Blitz II
pecheneg
Multiple Oscar Actors
pecheneg
Mystery Phrase Blitz: Oscar 'Best Actors'
pecheneg
F. Scott Fitzgerald Novels
LTH
Pick 3 Villains
ddd62291
Trending Topics
NBA
Disney
Crossword
Anime
Marvel
Harry Potter
Kpop
Soccer
NFL
Song
Country
The Office
Puzzle
Pokémon
WWE
Your Account Isn't Verified!
In order to create a playlist on Sporcle, you need to verify the email address you used during registration. Go to your
Sporcle Settings
to finish the process.
Report this User
Report this user for behavior that violates our
Community Guidelines
.
Details:
Send Report
Go to the Sporcle.com Mobile Site →
Comments